000
00245nam a22000977a 4500
999
_c
11756
_d
11756
008
200114b ||||| |||| 00| 0 eng d
020
_a
1572740183
100
_a
Jackson Marjorie
_9
7442
245
_a
Dragon Feet
260
_a
New York
_b
Richard C. Owen